Η ανδρική κυριαρχία
Saved in:
| Main Author: | |
|---|---|
| Format: | Book |
| Language: | Greek French |
| Published: |
Αθήνα :
Στάχυ,
1999.
|
| Edition: | 2η έκδ. |
| Series: | Κοινωνική ψυχολογία (Στάχυ)
2 |
| Subjects: | |
| Tags: |
Add Tag
No Tags, Be the first to tag this record!
|
MARC
| LEADER | 00000cam a2200000 i 4500 | ||
|---|---|---|---|
| 001 | 1/98570 | ||
| 008 | 081202s1999 gr | || |||| ||gre|| | ||
| 020 | |a 9608032032 | ||
| 035 | |l 10102140 | ||
| 040 | |a GR-MyUa |b gre |e AACR2 | ||
| 041 | 1 | |a gre |h fre | |
| 082 | 7 | |a 305.31 |2 (22) | |
| 100 | 1 | |a Bourdieu, Pierre, |d 1930-2002. | |
| 245 | 1 | 2 | |a Η ανδρική κυριαρχία / |c Πιέρ Μπουρντιέ ; επιμέλεια - επίλογος Νίκος Παναγιωτόπουλος ; μετάφραση Π. Γεωργίου ... [κ. ά]. |
| 250 | |a 2η έκδ. | ||
| 260 | |a Αθήνα : |b Στάχυ, |c 1999. | ||
| 300 | |a 143 σ. : |b εικ. ; |c 21 εκ. | ||
| 490 | 1 | |a (Κοινωνική Ψυχολογία / Στάχυ ; |v 2) | |
| 504 | |a Περιέχει βιβλιογραφικές παραπομπές. | ||
| 650 | 0 | |a Sex role. | |
| 650 | 0 | |a Sex discrimination. | |
| 650 | 0 | |a Men |x Psychology. | |
| 650 | 0 | |a Power (Social sciences) | |
| 650 | 0 | |a Sexism. | |
| 650 | 0 | |a Dominance (Psychology) | |
| 830 | 0 | |a Κοινωνική ψυχολογία (Στάχυ) |v 2 | |
| 852 | |a INST |b LESVOS |e 20081202 |h 305.31 BOU |p 005100044179 |q 005100044179 |t BK |y 0 | ||
| 852 | |a INST |b LESVOS |e 20190924 |h 305.31 BOU |p 005100048782 |q 005100048782 |t BK |y 0 | ||
| 852 | |a INST |b LESVOS |e 20190924 |h 305.31 BOU |p 005100048783 |q 005100048783 |t BK |y 0 | ||
| 852 | |a INST |b LESVOS |e 20190924 |h 305.31 BOU |p 005100048784 |q 005100048784 |t BK |y 0 | ||
| 852 | |a INST |b LESVOS |e 20190924 |h 305.31 BOU |p 005100048785 |q 005100048785 |t BK |y 0 | ||
| 852 | |a INST |b LESVOS |e 20190924 |h 305.31 BOU |p 005100050242 |q 005100050242 |t BK |y 0 | ||
| 852 | |a INST |b LESVOS |e 20190924 |h 305.31 BOU |p 005100050243 |q 005100050243 |t BK |y 0 | ||
| 901 | |a BIBL1-2008-3 | ||
| 970 | |a Γιάλαμα |b Μαρία |z 02/12/2008 | ||